<?xml version="1.0" encoding="UTF-8"?>
<record
    xmlns:xsi="http://www.w3.org/2001/XMLSchema-instance"
    xsi:schemaLocation="http://www.loc.gov/MARC21/slim http://www.loc.gov/standards/marcxml/schema/MARC21slim.xsd"
    xmlns="http://www.loc.gov/MARC21/slim">

  <leader>01468cgm a2200253 a 4500</leader>
  <controlfield tag="003">SA-RiAUC</controlfield>
  <controlfield tag="005">20260123143959.0</controlfield>
  <controlfield tag="007">hd u|u   uuuu&#xA0;&#xA0;&#xA0;&#xA0;&#xA0;&#xA0;&#xA0;&#xA0;&#xA0;&#xA0;</controlfield>
  <controlfield tag="008">260101s1909    |||--- g      a   fnara c</controlfield>
  <datafield tag="040" ind1=" " ind2=" ">
    <subfield code="a">SA-JeALM</subfield>
    <subfield code="b">ara</subfield>
    <subfield code="c">SA-RiAUC</subfield>
    <subfield code="e">rda</subfield>
  </datafield>
  <datafield tag="082" ind1="0" ind2="4">
    <subfield code="a">252.53</subfield>
  </datafield>
  <datafield tag="090" ind1=" " ind2=" ">
    <subfield code="a">&#x645; &#x646; 252.53</subfield>
    <subfield code="b">&#x62C; &#x639; &#x641;</subfield>
  </datafield>
  <datafield tag="100" ind1="1" ind2=" ">
    <subfield code="a">&#x62C;&#x639;&#x641;&#x631; &#x644;&#x628;&#x646;&#x64A;&#x60C; &#x62C;&#x639;&#x641;&#x631; &#x628;&#x646; &#x623;&#x628;&#x64A; &#x628;&#x643;&#x631; &#x628;&#x646; &#x62C;&#x639;&#x641;&#x631;&#x60C;</subfield>
    <subfield code="d">1282-1342 &#x647;&#x640;.</subfield>
  </datafield>
  <datafield tag="245" ind1="1" ind2="0">
    <subfield code="a">&#x62F;&#x641;&#x639; &#x627;&#x644;&#x634;&#x62F;&#x629; &#x628;&#x62C;&#x648;&#x627;&#x632; &#x62A;&#x623;&#x62E;&#x64A;&#x631; &#x627;&#x644;&#x622;&#x641;&#x627;&#x642; &#x644;&#x644;&#x625;&#x62D;&#x631;&#x627;&#x645; &#x625;&#x644;&#x649; &#x62C;&#x62F;&#x629;/</subfield>
    <subfield code="c">&#x62C;&#x639;&#x641;&#x631; &#x628;&#x646; &#x623;&#x628;&#x64A; &#x628;&#x643;&#x631; &#x628;&#x646; &#x62C;&#x639;&#x641;&#x631; &#x627;&#x644;&#x644;&#x628;&#x646;&#x64A; &#x627;&#x644;&#x62D;&#x646;&#x641;&#x64A; &#x627;&#x644;&#x645;&#x643;&#x64A;.</subfield>
  </datafield>
  <datafield tag="260" ind1=" " ind2=" ">
    <subfield code="c">[1909]</subfield>
  </datafield>
  <datafield tag="300" ind1=" " ind2=" ">
    <subfield code="a">8 &#x635;&#x641;&#x62D;&#x629;&#x61B;</subfield>
    <subfield code="c">29 &#x633;&#x645;.</subfield>
  </datafield>
  <datafield tag="500" ind1=" " ind2=" ">
    <subfield code="a">&#x623;&#x648;&#x644;&#x647; : &#x628;&#x639;&#x62F; &#x627;&#x644;&#x628;&#x633;&#x645;&#x644;&#x629; &#x648;&#x628;&#x647; &#x646;&#x633;&#x62A;&#x639;&#x64A;&#x646; &#x627;&#x644;&#x62D;&#x645;&#x62F; &#x644;&#x644;&#x647; &#x648;&#x62D;&#x62F;&#x647; &#x648;&#x627;&#x644;&#x635;&#x644;&#x627;&#x629; &#x648;&#x627;&#x644;&#x633;&#x644;&#x627;&#x645; &#x639;&#x644;&#x649; &#x645;&#x646; &#x644;&#x627; &#x646;&#x628;&#x64A; &#x628;&#x639;&#x62F;&#x647; &#x648;&#x639;&#x644;&#x649; &#x622;&#x644;&#x647; &#x648;&#x635;&#x62D;&#x628;&#x647; &#x648;&#x643;&#x644; &#x645;&#x646; &#x623;&#x644;&#x647;&#x645; &#x631;&#x634;&#x62F;&#x647; &#x648;&#x628;&#x639;&#x62F; &#x641;&#x64A;&#x642;&#x648;&#x644; ...</subfield>
  </datafield>
  <datafield tag="500" ind1=" " ind2=" ">
    <subfield code="a">&#x622;&#x62E;&#x631;&#x647; : &#x625;&#x646; &#x62C;&#x645;&#x64A;&#x639; &#x627;&#x644;&#x645;&#x646;&#x627;&#x632;&#x644; &#x627;&#x644;&#x62A;&#x64A; &#x628;&#x64A;&#x646; &#x630;&#x64A; &#x627;&#x644;&#x62D;&#x644;&#x64A;&#x641;&#x629; ... &#x643;&#x627;&#x644;&#x635;&#x641;&#x631;&#x627;&#x621; &#x648;&#x628;&#x62F;&#x631; &#x647;&#x64A; &#x645;&#x635;&#x648;&#x631;&#x629; &#x645;&#x646; &#x627;&#x644;&#x62D;&#x644; &#x644;&#x643;&#x648;&#x646;&#x647;&#x627; &#x62F;&#x627;&#x62E;&#x644; &#x627;&#x644;&#x645;&#x64A;&#x642;&#x627;&#x62A; &#x627;&#x644;&#x630;&#x64A; &#x647;&#x648; &#x630;&#x648; &#x627;&#x644;&#x62D;&#x644;&#x64A;&#x641;&#x629; &#x645;&#x639; &#x623;&#x646; ...</subfield>
  </datafield>
  <datafield tag="581" ind1=" " ind2=" ">
    <subfield code="a">&#x627;&#x644;&#x645;&#x62E;&#x637;&#x648;&#x637;&#x629; &#x645;&#x637;&#x628;&#x648;&#x639;&#x629; &#x628;&#x627;&#x644;&#x645;&#x637;&#x628;&#x639;&#x629; &#x627;&#x644;&#x62E;&#x64A;&#x631;&#x64A;&#x629; &#x628;&#x62F;&#x627;&#x631; &#x627;&#x644;&#x633;&#x644;&#x637;&#x646;&#x629; &#x627;&#x644;&#x639;&#x644;&#x64A;&#x627;.</subfield>
  </datafield>
  <datafield tag="650" ind1=" " ind2="7">
    <subfield code="a">&#x627;&#x644;&#x625;&#x62D;&#x631;&#x627;&#x645;</subfield>
    <subfield code="v">&#x645;&#x62E;&#x637;&#x648;&#x637;&#x627;&#x62A;</subfield>
    <subfield code="2">aucsh</subfield>
  </datafield>
  <datafield tag="650" ind1=" " ind2="7">
    <subfield code="a">&#x627;&#x644;&#x62D;&#x62C; (&#x641;&#x642;&#x647; &#x625;&#x633;&#x644;&#x627;&#x645;&#x64A;)</subfield>
    <subfield code="x">&#x645;&#x646;&#x627;&#x633;&#x643;</subfield>
    <subfield code="v">&#x645;&#x62E;&#x637;&#x648;&#x637;&#x627;&#x62A;</subfield>
    <subfield code="2">aucsh</subfield>
  </datafield>
  <datafield tag="942" ind1=" " ind2=" ">
    <subfield code="2">ddc</subfield>
    <subfield code="c">RBOOK COPY</subfield>
    <subfield code="n">0</subfield>
  </datafield>
  <datafield tag="949" ind1=" " ind2=" ">
    <subfield code="a">SA-JeALM</subfield>
    <subfield code="d">260101</subfield>
    <subfield code="u">mohamedma123</subfield>
    <subfield code="n">1</subfield>
  </datafield>
  <datafield tag="952" ind1=" " ind2=" ">
    <subfield code="0">0</subfield>
    <subfield code="1">0</subfield>
    <subfield code="2">ddc</subfield>
    <subfield code="4">0</subfield>
    <subfield code="7">0</subfield>
    <subfield code="a">WAHAB</subfield>
    <subfield code="b">WAHAB</subfield>
    <subfield code="d">2026-01-14</subfield>
    <subfield code="l">0</subfield>
    <subfield code="o">&#x645; &#x646; 252.53  &#x62C; &#x639; &#x641;</subfield>
    <subfield code="p">000022480</subfield>
    <subfield code="r">2026-01-14 13:58:52</subfield>
    <subfield code="w">2026-01-14</subfield>
    <subfield code="y">RBOOK COPY</subfield>
  </datafield>
  <datafield tag="952" ind1=" " ind2=" ">
    <subfield code="0">0</subfield>
    <subfield code="1">0</subfield>
    <subfield code="2">ddc</subfield>
    <subfield code="4">0</subfield>
    <subfield code="7">0</subfield>
    <subfield code="a">WAHAB</subfield>
    <subfield code="b">WAHAB</subfield>
    <subfield code="d">2026-01-18</subfield>
    <subfield code="l">0</subfield>
    <subfield code="o">&#x645; &#x646; 252.53  &#x62C; &#x639; &#x641;</subfield>
    <subfield code="p">000022504</subfield>
    <subfield code="r">2026-01-18 12:22:59</subfield>
    <subfield code="w">2026-01-18</subfield>
    <subfield code="y">RBOOK COPY</subfield>
  </datafield>
  <datafield tag="952" ind1=" " ind2=" ">
    <subfield code="0">0</subfield>
    <subfield code="1">0</subfield>
    <subfield code="2">ddc</subfield>
    <subfield code="4">0</subfield>
    <subfield code="7">0</subfield>
    <subfield code="a">WAHAB</subfield>
    <subfield code="b">WAHAB</subfield>
    <subfield code="d">2026-01-18</subfield>
    <subfield code="l">0</subfield>
    <subfield code="o">&#x645; &#x646; 252.53 &#x62C; &#x639; &#x641;</subfield>
    <subfield code="p">000022513</subfield>
    <subfield code="r">2026-01-18 12:59:27</subfield>
    <subfield code="w">2026-01-18</subfield>
    <subfield code="y">RBOOK COPY</subfield>
  </datafield>
  <datafield tag="999" ind1=" " ind2=" ">
    <subfield code="c">14067</subfield>
    <subfield code="d">14067</subfield>
  </datafield>
</record>
